| 000 | 00683cam a22002171a 4500 | ||
|---|---|---|---|
| 001 | sa 67005241 | ||
| 003 | DLC | ||
| 005 | 20260227112355.0 | ||
| 008 | 840808s1966 ii 000 0 bra | ||
| 010 | _asa 67005241 | ||
| 035 | _a(OCoLC)11031514 | ||
| 040 |
_aDLC _cOkU _dOCoLC _dDLC |
||
| 050 | 0 | 0 |
_aPK1967.9.H3 _bS9 1966 |
| 100 | 0 |
_aHaladharasdasa, _dactive 16th century. |
|
| 245 | 1 | 0 |
_aSudamacaritra / _cby Haladharadasa ; edited by Siyaram Tivari. |
| 260 |
_aPatna : _bBharti Bhawan, _c1966. |
||
| 300 |
_a3, 85, 139 p. ; _c22 cm. |
||
| 500 | _aIn Braj; introductory matter and commentary in Hindi. | ||
| 504 | _aBibliographical footnotes. | ||
| 700 | 1 | _aTivārī, Siyārāma. | |
| 999 |
_c75052 _d75052 |
||